| 000 | 00645nam a22002297a 4500 | ||
|---|---|---|---|
| 005 | 20170124110129.0 | ||
| 010 | _a180897 | ||
| 020 | _c00.00 | ||
| 035 | _a180897 | ||
| 037 | _bCen Lib/Ret | ||
| 040 |
_aDPL _bEN |
||
| 082 |
_aS _bOSA |
||
| 100 |
_aOsaragi, Jiro _931930 |
||
| 245 |
_aThe journey / _cby JirÅ Osaragi; translated by Ivan I Morris |
||
| 260 |
_bSecker and Warburg _aLondon _c1961 |
||
| 270 |
_bLondon _a7 John Street |
||
| 300 |
_a342p. _c19cm(Hb) |
||
| 650 |
_aJapanese fiction -- Translations into English _931931 |
||
| 650 |
_aJapanese fiction _931932 |
||
| 700 |
_aMorris, Ivan I _931933 |
||
| 942 |
_2ddc _cEN _hS _mOSA |
||
| 999 |
_c131496 _d131496 |
||